Southville International School and Colleges
Your cart is empty.
  • Cart
  • Lists
    Public lists Eva Luna New books Lux_list list_1
    Your lists Log in to create your own lists
  • Log in to your account
  • Your cookies
  • Search history
Southville International School and Colleges
  • Advanced search
  • Recent comments
  • Most popular
  • Libraries

Log in to your account

Log in with GOOGLE


If you do not have an external account, but do have a local account, you can still log in:

  1. Home
  2. MARC view: The mutt in the iron muzzle /
Normal view MARC view ISBD view

The mutt in the iron muzzle / (Record no. 110689)

[ view plain ]
MARC details
000 -LEADER
fixed length control field 00574nam a2200193 a 4500
001 - CONTROL NUMBER
control field 1970
005 - DATE AND TIME OF LATEST TRANSACTION
control field 20140414131902.0
008 - FIXED-LENGTH DATA ELEMENTS--GENERAL INFORMATION
fixed length control field 041223s19uu xx 00 eng d
020 ## - INTERNATIONAL STANDARD BOOK NUMBER
International Standard Book Number 0-590-63473-9
050 ## - LIBRARY OF CONGRESS CALL NUMBER
Classification number FIC
Item number F91 1997
100 ## - MAIN ENTRY--PERSONAL NAME
Personal name Friendman, Michael Jan
245 ## - TITLE STATEMENT
Title The mutt in the iron muzzle /
Statement of responsibility, etc by Michael Jan Friedman.
260 ## - PUBLICATION, DISTRIBUTION, ETC. (IMPRINT)
Place of publication, distribution, etc New York :
Name of publisher, distributor, etc Scholastic,
Date of publication, distribution, etc 1997.
300 ## - PHYSICAL DESCRIPTION
Extent 141 p. ; cm.
440 ## - SERIES STATEMENT/ADDED ENTRY--TITLE
Title The Adventures of wishbone.
500 ## - GENERAL NOTE
General note Inspired by the Man in the Iron Mask by Alexandre Dumas.
650 ## - SUBJECT ADDED ENTRY--TOPICAL TERM
Topical term or geographic name as entry element Dogs
General subdivision Fiction.
Holdings
Withdrawn status Lost status Damaged status Use restrictions Home library Current library Shelving location Date acquired Source of acquisition Total Checkouts Full call number Barcode Date last seen Price effective from Koha item type
        Munich Library Munich Library Fiction Section 12/23/2004     FIC F91 1997 M1157 04/14/2014 04/14/2014 Books

The mutt in the iron muzzle /

APA

Friendman M. J., . (1997). The mutt in the iron muzzle. New York: Scholastic.

Chicago

Friendman Michael Jan, . 1997. The mutt in the iron muzzle. New York: Scholastic.

Harvard

Friendman M. J., . (1997). The mutt in the iron muzzle. New York: Scholastic.

MLA

Friendman Michael Jan, . The mutt in the iron muzzle. New York: Scholastic. 1997.

  • Place hold
  • Print
  • Cite
  • Add to your cart (remove)
  • Save record
    BIBTEX Dublin Core MARCXML MARC (non-Unicode/MARC-8) MARC (Unicode/UTF-8) MARC (Unicode/UTF-8, Standard) MODS (XML) RIS
  • More searches
    Search for this title in:
    Other Libraries (WorldCat) Other Databases (Google Scholar) Online Stores (Bookfinder.com) Open Library (openlibrary.org)

Exporting to Dublin Core...

SOUTHVILLE LIBRARY

Southville International School and Colleges Library

1281 Tropical Ave. Cor. Luxembourg St., BF Homes International, Las Pinas City

Tel. No. 8256374 / 252358 Loc. 117/146

Powered by Koha